LIBRARY & INFORMATION CENTRE, KCAET, TAVANUR

ONLINE PUBLIC ACCESS CATALOGUE (OPAC)

Coordinative solid geometry / (Record no. 10590)

MARC details
000 -LEADER
fixed length control field 00385cam a2200133ua 4500
041 ## - LANGUAGE CODE
Language code of text/sound track or separate title eng
082 ## - DEWEY DECIMAL CLASSIFICATION NUMBER
Classification number 516.06
Item number BEL/CO
100 ## - MAIN ENTRY--AUTHOR NAME
Personal name Bell, Robert J T .
245 ## - TITLE STATEMENT
Title Coordinative solid geometry /
260 ## - PUBLICATION, DISTRIBUTION, ETC. (IMPRINT)
Place of publication Melbourne,London :
Name of publisher MacMillan and Company Limited ,
Year of publication 1960.
300 ## - PHYSICAL DESCRIPTION
Number of Pages 214 :
Other physical details 506 ; .
942 ## - ADDED ENTRY ELEMENTS (KOHA)
Koha item type Books
Holdings
Withdrawn status Lost status Damaged status Home library Current library Date acquired Full call number Accession Number Koha item type Public note
Withdrawn     KAUAET KAUAET 07/04/2012 516.06 3222 Books Deleted
free website counter